LEADER 01272nam2-2200373---450 001 990001247390203316 005 20220422083423.0 035 $a000124726 035 $aUSA01000124726 035 $a(ALEPH)000124739USA01 035 $a000124726 100 $a20031106d1978----km-y0itay0103----ba 101 0 $ager 102 $aDE 105 $a||||||||001yy 200 1 $a12. : Das Asklepieion$eKapikaya ein felsheiligtum bei Pergamon im anhang topographische karte von Pergamon$fvon Klaus Nohlen und Wolfgang Radt$gmit beiträgen von Andreas Furtwängler und Eva Töpperwein-Hoffmann 210 $aBerlin$cDe Gruyter$d1978 215 $aXVI, 105 p., tav. in parte ripiegate, [1] tavola in tasca$d32 cm 410 0$12001 454 1$12001 461 1$1001000124702$12001$aAltertumer von Pergamon$fDeutsches archäologisches Institut 606 0 $aPergamo$xArcheologia 676 $a930.1 700 1$aNOHLEN,$bKlaus$0214934 701 1$aRADT,$bWolfgang$0214935 702 1$aFURTWÄNGLER,$bAndreas 702 1$aTÖPPERWEIN-HOFFMANN,$bEva 801 0$aIT$bsalbc$gISBD 912 $a990001247390203316 951 $aXI.3.B. 97/12(X B 174/12)$b8826 L.M.$cX B 959 $aBK 969 $aUMA 996 $a12. : Das Asklepieion$92832260 997 $aUNISA LEADER 04247 am 2200721 n 450 001 9910315242003321 005 20160209 010 $a2-84788-760-1 010 $a2-84788-696-6 024 7 $a10.4000/books.enseditions.6987 035 $a(CKB)3710000000623647 035 $a(FrMaCLE)OB-enseditions-6987 035 $a(oapen)https://directory.doabooks.org/handle/20.500.12854/56574 035 $a(PPN)198369123 035 $a(EXLCZ)993710000000623647 100 $a20170110j|||||||| ||| 0 101 0 $afre 135 $auu||||||m|||| 181 $ctxt$2rdacontent 182 $cc$2rdamedia 183 $acr$2rdacarrier 200 13$aLa politique au quotidien $eL?agenda et l?emploi du temps d?une femme politique /$fLaurent Godmer, Guillaume Marrel 210 $aLyon $cENS Éditions$d2016 215 $a1 online resource (252 p.) 311 $a2-84788-695-8 330 $aQue font exactement les femmes et les hommes politiques ? Comment s?organisent leurs activités quotidiennes ? En quoi consiste le travail des dirigeants politiques ? Que savons-nous de l?emploi du temps réel de nos représentants ? Cet ouvrage propose de répondre à ces questions relatives à la vie des démocraties représentatives à partir d?une enquête de sociologie politique inédite menée entre 2010 et 2013. Cette recherche invite à une plongée scientifique au c?ur du quotidien de la politique, un univers paradoxalement méconnu. L?exploration porte ici sur l?agenda personnel d?une élue française d?aujourd?hui, une vice-présidente de conseil régional. Le livre décrit ainsi de l?intérieur l?activité politique pour en saisir les mutations contemporaines : la rationalisation et la collectivisation du travail politique, l?importance de l?agenda comme instrument d?organisation et outil de communication, l?emprise croissante des technologies de l?information dans le travail politique, la saturation du temps de travail des élus, mais aussi la construction d?une plus grande disponibilité sur le territoire et d?une certaine transparence. L?enquête révèle enfin comment, en démocratie, les contraintes temporelles des trajectoires politiques personnelles affectent l?action publique, quand l?agenda finit parfois par être utilisé davantage pour préparer les conquêtes électorales futures que pour mettre en ?uvre la politique dont l?élu a la charge. Illustration de couverture : © Hélène Robert This book explores politics in a new way. By analysing the organizer and the activity of a contemporary female politician thanks to a study that is both a statistical and ethnographic one, it describes daily politics, a profession which appears to be time-consuming, technical, complex and made of multiple interactions. Following the researches on the sociology of political elites, and on political work that where developed in political science, it brings a new look on a universe of which? 517 $aLA POLITIQUE AU QUOTIDIEN. L'AGENDA ET L'EMPLOI DU TEMPS D'UNE FEMME POLITIQUE 606 $aPolitical Science Public Admin. & Development 606 $aSociology 606 $apolitique 606 $atravail politique 606 $apolitique locale 606 $aconseil régional 606 $aemploi du temps 606 $apolitics 606 $apolitical work 606 $alocal politics 606 $aregional council 606 $atimetable 610 $apolitics 610 $apolitical work 610 $alocal politics 610 $aregional council 610 $atimetable 615 4$aPolitical Science Public Admin. & Development 615 4$aSociology 615 4$apolitique 615 4$atravail politique 615 4$apolitique locale 615 4$aconseil régional 615 4$aemploi du temps 615 4$apolitics 615 4$apolitical work 615 4$alocal politics 615 4$aregional council 615 4$atimetable 700 $aGodmer$b Laurent$01296026 701 $aMarrel$b Guillaume$01299945 801 0$bFR-FrMaCLE 906 $aBOOK 912 $a9910315242003321 996 $aLa politique au quotidien$93025329 997 $aUNINA